| 000 | 00499nam a22001817a 4500 | ||
|---|---|---|---|
| 003 | OSt | ||
| 008 | 240413b |||||||| |||| 00| 0 eng d | ||
| 020 | _a9789355429827 | ||
| 082 | _a006.312 WIR | ||
| 100 | _a WICKHAM,Hadley | ||
| 245 | _aR for Data Science: Import, Tidy, Transform, Visualize, and Model Data | ||
| 250 | _aSecond Edition | ||
| 260 |
_aNew Delhi _bShroff/O’Reilly _c2023 |
||
| 300 | _a550 | ||
| 700 | _aRUNDEL,Mine Cetinkaya | ||
| 700 | _aGROLEMUND,Garrett | ||
| 942 |
_2ddc _cBK |
||
| 999 |
_c12495 _d12495 |
||